Normal view
MARC view
Entry Personal Name
001 - CONTROL NUMBER
- control field: 74405
003 - CONTROL NUMBER IDENTIFIER
- control field: dpl
005 - DATE AND TIME OF LATEST TRANSACTION
- control field: 20241129144104.0
008 - FIXED-LENGTH DATA ELEMENTS
- fixed length control field: 241129|| aca||aabn | a|a d
040 ## - CATALOGING SOURCE
- Original cataloging agency: dpl
- Transcribing agency: dpl
100 ## - HEADING--PERSONAL NAME
- Personal name: झा, नन्द कुमार
670 ## - SOURCE DATA FOUND
- Source citation: Work cat.: (dpl)207243: झा, नन्द कुमार, सन 1857:, 2022
